| 000 | 00545nam a2200193Ia 4500 | ||
|---|---|---|---|
| 008 | 131103s9999 xx 000 0 und d | ||
| 040 | _aLoreto College | ||
| 041 | _aEnglish | ||
| 082 |
_aF/MOD _bLCBED/9709 |
||
| 100 | _aConrad, Joseph | ||
| 245 |
_aModern English short stories _cJoseph Conrad & Others; edited by Richard Martin |
||
| 260 |
_aLondon _bMacmillan _c1973 |
||
| 300 |
_aV.2 _c 20cm. |
||
| 440 | _aMacmillan's student series | ||
| 650 | _aEnglish fiction | ||
| 700 | _aFobster, E. M. | ||
| 850 | _aLCBED/F/MOD | ||
| 942 | _cBK | ||
| 999 |
_c33009 _d83488 |
||